000 00531nam a2200193Ia 4500
005 20250508161643.0
008 008 250505s9999 xx 000 0 eng d
037 _aTextual
040 _aFEDL
_beng
_cFEDL
041 _aeng
_2eng
084 _a671.52, GRI
_qFEDL
100 _aGriffin Ivan H
_9771207
245 0 _aWelding processes
260 _aCanada
_bDelmar Publishers Ltd.
_c1970
300 _aviii,239p
700 _a Roden Edward M
_9771208
942 _cTEXL
_h671.52, GRI
999 _c1371358
_d1371358